Oliver Twist

Бібліографічні деталі
Автор: Dickens Ch. Charles
Мова:Англійська
Опубліковано: London, David Campbell Publishers Ltd, 1992
Серія:The millennium library
Everyman's library
Предмети:
Формат: Книга
KOHA link:https://koha.lib.tpu.ru/cgi-bin/koha/opac-detail.pl?biblionumber=22114

MARC

LEADER 00000nam0a2200000 4500
001 22114
005 20231030194528.0
010 |a 1857151100 
035 |a (RuTPU)RU\TPU\book\22326 
035 |a BOOK00022396 
090 |a 22114 
100 |a 20011209d1992 m y0engy50 ba 
101 0 |a eng 
102 |a GB 
105 |a y z 000ay 
200 1 |a Oliver Twist  |f Ch. Dickens 
210 |a London  |c David Campbell Publishers Ltd  |d 1992 
215 |a 427 p. 
225 1 |a The millennium library 
225 1 |a Everyman's library 
610 1 |a английский язык 
610 1 |a учебные пособия 
610 1 |a книги для чтения 
610 1 |a хрестоматии 
686 |a Ш143.21-923.8  |v LBC/SL-A  |2 rubbk 
700 1 |a Dickens  |b Ch.  |g Charles 
801 0 |a GB  |b 63413507  |c 20011209  |g PSBO 
801 2 |a RU  |b 63413507  |c 20120405  |g PSBO 
942 |c BK